| 000 | 00478nam a2200181Ia 4500 | ||
|---|---|---|---|
| 001 | 4730 | ||
| 005 | 20260306145817.0 | ||
| 008 | 260306t2010||||xx |||||||||||||| ||spa|| | ||
| 041 | _aESP | ||
| 082 |
_a330.015195 _bB38 |
||
| 100 |
_aBeltrán, Arlette _eAUT |
||
| 245 | 0 |
_aModelos de datos de panel y variables dependientes limitadas: _bteoría y práctica |
|
| 260 | _c2010 | ||
| 300 |
_a89 páginas : _c23 cm. |
||
| 650 | _aGEN | ||
| 654 | _aCAN | ||
| 942 |
_cLIB _dJUS _fJUS _2ddc _n |
||
| 999 |
_c4730 _d4730 |
||